Nuevo diccionario español-inglés, [inglés-español] / (Record no. 148970)

MARC details
000 -LEADER
campo de control de longitud fija 00575nam a2200181 i 4500
001 - NÚMERO DE CONTROL
campo de control 148970
003 - IDENTIFICADOR DE NÚMERO DE CONTROL
campo de control ES-MaACL
005 - FECHA Y HORA DE LA ÚLTIMA TRANSACCIÓN
campo de control 20230906202907.0
007 - CAMPO FIJO DE DESCRIPCIÓN FÍSICA--INFORMACIÓN GENERAL
campo de control de longitud fija t|
008 - DATOS DE LONGITUD FIJA--INFORMACIÓN GENERAL
campo de control de longitud fija 180129s1903 sp r ||||1| spa d
100 1# - ENTRADA PRINCIPAL--NOMBRE DE PERSONA
Nombre de persona Cuyás Armengol, Arturo.
9 (RLIN) 148645
245 10 - MENCIÓN DEL TÍTULO
Título Nuevo diccionario español-inglés, [inglés-español] /
Mención de responsabilidad, etc. Arturo Cuyás.
260 ## - PUBLICACIÓN, DISTRIBUCIÓN, ETC.
Lugar de publicación, distribución, etc. Barcelona :
Nombre del editor, distribuidor, etc. Bosch,
Fecha de publicación, distribución, etc. 1903.
300 ## - DESCRIPCIÓN FÍSICA
Extensión 618 p. ;
Dimensiones 20 cm.
650 04 - PUNTO DE ACCESO ADICIONAL DE MATERIA--TÉRMINO DE MATERIA
Término de materia o nombre geográfico como elemento de entrada Lengua española-
Subdivisión de forma Diccionarios-
Subdivisión general Inglés.
9 (RLIN) 14142
650 04 - PUNTO DE ACCESO ADICIONAL DE MATERIA--TÉRMINO DE MATERIA
Término de materia o nombre geográfico como elemento de entrada Lengua inglesa-
Subdivisión de forma Diccionarios-
Subdivisión general Español.
9 (RLIN) 14270
852 ## - LOCALIZACIÓN
Ubicación ES-MaACL
Número de control de estantería A-916
Holdings
Estatus retirado Estado de pérdida Estado de daño No para préstamo Colección Biblioteca de origen Biblioteca actual Ubicación en estantería Fecha de adquisición Fuente de adquisición Total de préstamos Signatura topográfica completa Código de barras Visto por última vez Precio de reemplazo Tipo de ítem Koha
        Colección de referencia Biblioteca del Ateneo de Madrid Biblioteca del Ateneo de Madrid Sala Pecera Planta 1 29/01/2018     A-916 1198298 23/02/2023 23/02/2023 Libro impreso